000 00446nam a2200169Ia 4500
003 GCL
008 140319s9999 xx 000 0 eng d
040 _aGCL /
_cGCL
082 0 4 _a150.195
_bV P
100 1 _aVICE , SUE
245 1 0 _aPsychoanalytic criticism : areader /
_cVICE , SUE
260 _a[S.N] :
_bPOLITY PRESS ،
_c1996
300 _a225 P P
650 0 4 _aPSYCHOANALYSIS
650 0 4 _aPSYCHOANALYSIS - LITERATURE
942 _2ddc
_cBK
999 _c11121
_d11121